Дружба (Запис номер 355457)
[ съкратено ]
| 000 -Лидер | |
|---|---|
| Контролно поле с фиксирана дължина | 01141ncm a2200277 a 4500 |
| 003 - Код на организацията, давaща контролен номер | |
| Контролно поле | BLK |
| 005 - Дата и час на последна редакция | |
| Контролно поле | 20230731154809.0 |
| 008 - Елементи от данни с фиксирана дължина | |
| fixed length control field | 200401b bu ||||| |||| 00| 0 bu d |
| 040 ## - Източник на каталожния запис | |
| Идентификатор на билиотеката - собственик на записа | BLK |
| 041 ## - Код за език | |
| Код за езика на текст/звукозапис или на отделно заглавие | Руски |
| Код за езика КДБФ | Руски |
| 080 ## - УДК | |
| Текстов определител УДК | Масови песни. Песни на отделни обществени групи |
| УДК код - определител по УДК | 784.66 |
| УДК - код + определител | 784.66 |
| 139 ## - Редно поле | |
| Редна дума | Дружба |
| Авторски знак | Дру - Д 90 |
| 245 ## - Сведения за заглавието | |
| Заглавие | Дружба |
| Подзаглавни данни | Популярные песни болгарских композиторов для детей школьного возраста |
| Редно поле (дума) | состав. Крум Ангелов. |
| 250 ## - Област на изданието | |
| Сведения за изданието | 2. изд. |
| 260 ## - Област на издателските данни | |
| 9 (RLIN) | 402828 |
| Място на издаване, разпространение и проч. | Москва |
| Име на издателя, разпространителя и проч. | Государственное музыкальное издательство |
| Година на издаване | 1962 |
| 300 ## - Физическа характеристика | |
| Страници | 81 с. : ноти |
| Размери/Мащаб | 28 см |
| 380 ## - Жанр | |
| Жанр | Изкуство |
| 650 #7 - Допълнително описание по предмет – тема | |
| 9 (RLIN) | 166108 |
| Основно описание – тема или топоним | Песни |
| 653 #7 - Ключова дума – ненормативна | |
| 9 (RLIN) | 199141 |
| Ключова дума | училищни песни |
| 700 ## - Други автори (авторска отговорност) | |
| Лично име | Ангелов, Крум Цветков |
| Дати, свързани с автора | 1918-2006 |
| Автороска отговорност (Описва отношението между автора и произведението) | состав. |
| 9 (RLIN) | 372681 |
| 852 ## - Местоположение | |
| Форматна сигнатура | Цб М ІІ 3707 |
| 999 ## - СИСТЕМНИ КОНТРОЛНИ НОМЕРА | |
| Koha biblionumber | 355457 |
| Koha biblioitemnumber | 355457 |
| 942 ## - АРТИКУЛИ | |
| Източник на класификационната схема | Universal Decimal Classification |
| Вид на библиотечния материал | Нотни издания |
| Скрит в OPAC | Не |
| Периодичен библиозапис | Да |
| 944 ## - СЪЗДАВАНЕ И РЕДАКЦИЯ на ЗАПИСА | |
| Създаване/Редакция | Създаване |
| Дата на регистрацията/редакция | 2020-04-01 |
| Служител, извършил регистрацията/редакцията | 30556 |
| Статус, дата на статуса | Теодора Пейчева-Дянкова |
| 999 ## - СИСТЕМНИ КОНТРОЛНИ НОМЕРА | |
| Koha biblioitemnumber | 355457 |
| 999 ## - СИСТЕМНИ КОНТРОЛНИ НОМЕРА | |
| Koha biblioitemnumber | 350590 |
| Код за отписване | Код за изгубен артикул | Източник на класификационната схема | Код за повреда | Коз за рестрикции | Код за отдаване | Артикулен № | Име на библиотеката - собственик | Име на библиотеката, в която се намира в момента | Статус (Текущо местоположение) | Дата на вписване в системата | Местоположение - отдел | Цена в лева | Инвентарен номер | Систематично азбучна сигнатура | Баркод | Цена в евро | Служебен тип на артикула |
|---|---|---|---|---|---|---|---|---|---|---|---|---|---|---|---|---|---|
| Не е изгубен | Universal Decimal Classification | Не е повреден | само за читалня | ползва се в читалня | 762819 | Регионална библиотека "Любен Каравелов" Русе | Регионална библиотека "Любен Каравелов" Русе | Хранилище | 2020-04-20 | Хранилище | 0.82 | 4736/63 | Цб М II 3707 | 900000006168 | 0.42 | Нотни издания |